RE 6 Leipzig ↔ Chemnitz (alle 8 Haltestellen) - Statistiken

Allgemein
  • Dieses Quiz wurde 44 mal gespielt
  • Das Durchschnittsergebnis liegt bei 5 aus 8
Antwortstatistiken
Haltestelle % Korrekt
Leipzig Hbf
97%
Chemnitz Hbf
94%
Burgstädt
67%
Geithain
64%
Bad Lausick
61%
Narsdorf
47%
Leipzig-Liebertwolkwitz
28%
Belgershain
22%
Keine übereinstimmenden Quizze gefunden
Verteilung der Resultate
Anzahl Personen mit jedem Resultat
Perzentil nach korrekt beantworteten Fragen
Ihre Resultats-Entwicklung
Sie haben dieses Quiz noch nicht gespielt